15 Largest Cities in Malta🇲🇹 - Statistics

General Stats
  • This quiz has been taken 119 times
    112 since last reset
  • The average score is 4 of 15
Answer Stats
Population City % Correct
21k Birkirkara
63%
11k Sliema
53%
17k Mosta
42%
11k Haz-Zebbug
37%
18k Qormi
33%
10k Hamrun
30%
15k Zabbar
30%
10k Naxxar
28%
10k Marsaskala
23%
9k Paola
23%
14k San Pawl il-Bahar
23%
11k Zejtun
23%
9k Attard
16%
12k San Gwann
14%
12k Fgura
9%
No matching quizzes found
Score Distribution
Percent of People with Each Score
Percentile by Number Answered
Your Score History
You have not taken this quiz since the last reset